Ultimate Squid Game Quiz - Statistics

General Stats
  • This quiz has been taken 31 times
  • The average score is 4 of 80
Answer Stats
Question Answer % Correct
How many players participate in the games? 456
95%
Where does the show take place? South Korea
95%
What color was the mask Woo-Seok wore at the Halloween party? Green
32%
Who "killed" him? In-ho
14%
What is the highest rank of the pink guards? Managers
14%
Who is a guard that try's to help a player later on? No-eul
14%
What is the middle rank of the pink guards? Soldiers
14%
What was the color of the limo Gi-hun got picked up in? White
14%
What is the lowest rank of the pink guards? Workers
14%
How many people died in S1 RLGL? 255
9%
Who died first in Red Light Green Light S2? Mi-na
9%
What present does Gi-hun give his daughter for her birthday? Toy gun
9%
Who watches the games for fun? VIPS
9%
Who picked number one instead of Gi-hun? 096
5%
What number does Gi-hun pick in glass bridge? 16
5%
Who disappeared in marbles? 303
5%
How did they die? A bee
5%
Who is the way to trusting player? Ali
5%
Whats the name of the frontman? In-ho
5%
What game does The Recruiter make Mr. Kim and Woo-seok play? Rock Paper Scissors Minus One
5%
What does Sang-woo put in Ali's sack? Rocks
5%
What game does Gi-hun and The Recruiter play? Russian Roulette
5%
How did Jun-ho "die" Shot
5%
What shape does Deok-su get in dalgona? Star
5%
What color is the hair of the first person to die in RLGL S1? Yellow
5%
Who hangs themselves after marbles? 069
0%
What number is the pastor? 244
0%
Who does Gi-hun try saving? 444
0%
Who is the doctor? Byeong-gi
0%
What is the second game in the 1st season? Dalgona #1
0%
In what game do players have to cut out a shape? Dalgona #2
0%
Who is a gangster? Deok-su #1
0%
Who got betrayed by Mi-nyeo? Deok-su #2
0%
What strategy does Gi-hun tell everyone to do? Form Lines
0%
Who is the main character? Gi-hun #1
0%
Who won the 33rd Squid Games? Gi-hun #2
0%
Who won Russian Roulette? Gi-hun #3
0%
What is the fifth game in the 1st season? Glass Bridge #1
0%
In what game do players pick the order of which they go in? Glass Bridge #2
0%
What did The Recruiter used to be? Guard
0%
What game did they do to decide who gets offense and who gets defense in Squid Game? Heads or Tails
0%
What is the fourth game in the 3rd season? Hide and Seek #1
0%
In what game do players run around in a maze? Hide and Seek #2
0%
What player is transgender? Hyun-ju #1
0%
Who has a brain tumor? Il nam #2
0%
Who does Sae-byeok partner up with in marbles? Ji-yeong #1
0%
Who sacrificed themselves Sae-byeok or Ji-yeong? Ji-yeong #2
0%
What is the fifth game in the 3rd season? Jump Rope #1
0%
In what game do players have to cross a railroad? Jump Rope #2
0%
Who is Gi-huns other bestfriend? Jung-bae #1
0%
Who does Gi-hun find in the games? Jung-Bae #2
0%
Whats the name of the police officer? Jun-ho #1
0%
Who snuck on the island? Jun-ho #2
0%
What strategy does Gi-hun use in Dalgona Licking
0%
What is the fourth game in the 1st season? Marbles #1
0%
In what game do players partner up? Marbles #2
0%
What is the third game in the 2nd season? Mingle #1
0%
In what game do players have to form groups? Mingle #2
0%
Who smuggled cigarettes into the game? Mi-nyeo #1
0%
Who does Gi-huns tug of war team pick with no other option? Mi-nyeo #2
0%
Who is the first to die in S2 of Squid Game? Mr. Kim
0%
What is the first game in both seasons? Red Light Green Light #1
0%
In what game do players have to listen to 2 commands? Red Light Green Light #2
0%
Who pickpocketed Gi-hun? Sae-Byeok #1
0%
Who gets pierced with a glass shard when the bridge explodes? Sae-byeok #2
0%
Who is Gi-huns bestfriend? Sang-woo #1
0%
Who pushes 017 off the bridge? Sang-woo #2
0%
Who kills Sae-byeok Sang-Woo #3
0%
What is the second game in the 2nd season? Six Legged Pentathlon #1
0%
In what game do players play minigames in? Six Legged Pentathlon #2
0%
What is the final game in the 3rd season? Sky Squid Game #1
0%
In what game do players have to vote someone out? Sky Squid Game #2
0%
What is the final game in the 1st season? Squid Game #1
0%
In what game do players have to fight in a squid? Squid Game #2
0%
How does Sang-woo die? Suicide
0%
Who runs the Squid Games? The Frontman #1
0%
Who kills the doctor? The Frontman #2
0%
Who is second in command? The Masked Officer
0%
What is the third game in the 1st season? Tug of War #1
0%
In what game do guards draw balls from? Tug of War #2
0%
No matching quizzes found
Score Distribution
Percent of People with Each Score
Percentile by Number Answered
Your Score History
You have not taken this quiz